A computer-assisted proof of universality for area-preserving maps

Αποθηκεύτηκε σε:
Λεπτομέρειες βιβλιογραφικής εγγραφής
Κύριος συγγραφέας: Eckmann, Jean Pierre
Άλλοι συγγραφείς: Koch, Hans, Wittwer, Peter
Μορφή: Βιβλίο
Γλώσσα:English
Δημοσίευση: Providence, R.I., USA : American Mathematical Society, c1984
Σειρά:Memoirs of the American Mathematical Society ; ; 289
Θέματα:
Ετικέτες: Προσθήκη ετικέτας
Δεν υπάρχουν, Καταχωρήστε ετικέτα πρώτοι!

MARC

LEADER 00000cam a2200000 i 4500
001 1/49767
008 941103s1984 eng d
020 |a 0821822896 
035 |l 10043698 
040 |a GR-MY-UA  |b gre  |e aacr 
041 0 |a eng 
082 0 |a 514.7  |2 (19) 
100 1 |a Eckmann, Jean Pierre. 
245 1 2 |a A computer-assisted proof of universality for area-preserving maps /  |c J.-P. Eckmann, H. Koch, and P. Wittwer 
260 |a Providence, R.I., USA :   |b American Mathematical Society,   |c c1984 
300 |a vi, 121 p.;  |c 26 cm 
490 1 |a Memoirs of the American Mathematical Society  |v ; 289 
500 |a "January 1984, volume 47, number 289 (first of six numbers)." 
504 |a Bibliography: p. 121 
650 0 0 |a Hamiltonian systems  |x Data processing. 
650 0 0 |a Mappings (Mathematics)  |x Data processing. 
650 0 0 |a Error analysis (Mathematics) 
700 1 |a Koch, Hans. 
700 1 |a Wittwer, Peter. 
830 0 |a Memoirs of the American Mathematical Society ;  |v ; 289 
852 |a INST  |b SAMOS  |e 19941103  |h 514.7 ECK  |p 005300007548  |q 005300007548  |t BK  |y 0 
909 |a Σ  |b 033668